000 00490nam a2200145Ia 4500
008 100122s9999 xx 000 0 und d
082 _b59355
_a294.5921
100 _aदेशमुख श्रीकृष्ण
245 _aप्रश्नोपनिषद
260 _bमहाराष्ट्र प्रकाशन गृह
_c2000
300 _a112
630 _aप्रश्नोपनिषद
730 _aप्रश्नोपनिषद
942 _cBOOK
999 _c434952
_d434949